Thuốc lá; T1 Tiểu thuyết

Uloženo v:
Podrobná bibliografie
Hlavní autor: Dimitre Dimov
Médium: Kniha
Jazyk:Undetermined
Vydáno: Hà Nội Tác Phẩm Mới 1984
Témata:
Tagy: Přidat tag
Žádné tagy, Buďte první, kdo otaguje tento záznam!
Thư viện lưu trữ: Trung tâm Học liệu Trường Đại học Cần Thơ
LEADER 00497nam a2200181Ia 4500
001 CTU_15946
008 210402s9999 xx 000 0 und d
082 |a 891.813 
082 |b D582/T1 
100 |a Dimitre Dimov 
245 0 |a Thuốc lá; T1 
245 0 |b Tiểu thuyết 
245 0 |c Dimitre Dimov, Thanh Mai 
260 |a Hà Nội 
260 |b Tác Phẩm Mới 
260 |c 1984 
650 |a bulgarian fiction 
980 |a Trung tâm Học liệu Trường Đại học Cần Thơ